Jesús y las mujeres.

Gorde:
Xehetasun bibliografikoak
Egile nagusia: Piñero, Antonio (autor)
Formatua: Ezezaguna
Hizkuntza:ingelesa
Argitaratua: Madrid, España: Trotta, 2014.
Saila:Colección Estructuras y Procesos. Serie Religión.
Gaiak:
Etiketak: Etiketa erantsi
Etiketarik gabe, Izan zaitez lehena erregistro honi etiketa jartzen!

MARC

LEADER 00000 a2200000 4500
003 CL-VaPUC
005 20231123115650.0
008 231120t2014 ||||| |||| 00| 0 eng d
999 |c 442417  |d 442415 
020 |a 978-84-9879-501-1 
040 |c Pontificia Universidad Católica de Valparaíso 
082 |2 22  |a 232.9 PIÑ 2014 
100 |a Piñero, Antonio  |9 885691  |e autor 
245 |a Jesús y las mujeres. 
260 |a Madrid, España:   |b Trotta,  |c 2014. 
300 |a 250 páginas. 
490 |a Colección Estructuras y Procesos. Serie Religión.  
583 |k GC  |c 20231120 
600 |a Jesucristo   |x Crítica e interpretación   |9 886044 
650 0 |9 257649  |a Mujeres  |x Biblia cristiana   |x Aspectos culturales, históricos, religiosos y sociales   |y Siglo 1  |z Israel  
942 |2 ddc  |c BK 
952 |0 0  |1 0  |2 ddc  |4 0  |6 232_900000000000000_PIÑ_2014  |7 0  |8 A  |9 592417  |a BIBTEO  |b BIBTEO  |c GEN  |d 2023-11-10  |e 8  |g 19599.00  |i 5659443  |o 232.9 PIÑ 2014  |p 5659443  |r 2025-01-17  |t 1  |v 19599.00  |w 2023-11-10  |y BK  |k ICR